| 000 | 01804cam a22003734a 4500 | ||
|---|---|---|---|
| 001 | 5287541 | ||
| 003 | ARRUPE | ||
| 005 | 20150120134130.0 | ||
| 008 | 050214s2004 nyua b 001 0 eng | ||
| 010 | _a 2004056306 | ||
| 020 | _a0007162200 (acidfree paper) | ||
| 024 | _aR7-481269 | ||
| 035 | _a(OCoLC)57362091 | ||
| 035 | _a(OCoLC)ocm57362091 | ||
| 035 | _a(DLC) 2004056306 | ||
| 035 | _a(NNC)5287541 | ||
| 040 |
_aDLC _cDLC _dDLC _dOrLoB-B |
||
| 042 | _apcc | ||
| 050 | 0 | 0 |
_aQB991.B54 _bS56 2004 |
| 082 | 0 | 0 |
_a523.1/8 _222 |
| 100 | 1 |
_aSingh, Simon. _914314 |
|
| 245 | 1 | 0 |
_aBig bang : _bthe origins of the universe / _cSimon Singh. |
| 250 | _a1st U.S. ed. | ||
| 260 |
_aNew York : _bFourth Estate, _cc2004. |
||
| 300 |
_a532 p. : _bill. ; _c24 cm. |
||
| 504 | _aIncludes bibliographical references (p. [509]-516) and index. | ||
| 505 | 0 | 0 |
_g1. _tIn the beginning -- _g2. _tTheories of the universe -- _g3. _tThe great debate -- _g4. _tMavericks of the cosmos -- _g5. _tThe paradigm shift -- _tEpilogue : what are the outstanding questions for the Big Bang model? |
| 520 | 1 | _a"This book tells the story of the many brilliant, often eccentric scientists who fought against the establishment idea of an eternal and unchanging cosmos. From such early Greek cosmologists as Anaximander to recent satellite measurements taken deep in space, Big Bang is a narrative full of anecdotes and personal histories. Simon Singh tells the centuries-long story of mankind's attempt to understand how the universe came to be, a story which itself begins some 14 billion years ago (give or take a billion years)."--BOOK JACKET. | |
| 650 | 0 |
_aBig bang theory. _914315 |
|
| 650 | 0 |
_aGeneral relativity (Physics) _913794 |
|
| 650 | 0 |
_aCosmology. _914316 |
|
| 900 | _bTOC | ||
| 942 |
_2lcc _cMONOGRAPH |
||
| 999 |
_c121796 _d121796 |
||